Pizza Toppings - Statistics

General Stats
  • This quiz has been taken 145 times
  • The average score is 3 of 10
Answer Stats
Hint Answer % Correct
#1 Xtra Cheese
94%
#2 Pepperoni
90%
#6 Pineapple
74%
#9 Heat from an oven
4%
#7 Glass Pane
2%
#3 Supreme
2%
#5 That little table that keeps the pizza together
2%
#10 The pizza box
2%
#4 Homemade
0%
#8 Toppers
0%
No matching quizzes found
Score Distribution
Percent of People with Each Score
Percentile by Number Answered
Your Score History
You have not taken this quiz